The impact of the Disability Discrimination Act on historic buildings (Record no. 77260)

MARC details
000 -LEADER
fixed length control field 01129cab a2200205 4500
001 - CONTROL NUMBER
control field ##L133923
008 - FIXED-LENGTH DATA ELEMENTS--GENERAL INFORMATION
fixed length control field 060620n2006 000 0 eng u
035 ## - SYSTEM CONTROL NUMBER
System control number (Sirsi) u133923
041 0# - LANGUAGE CODE
Language code of text/sound track or separate title eng
100 1# - MAIN ENTRY--PERSONAL NAME
Personal name Smith, Melanie
245 04 - TITLE STATEMENT
Title The impact of the Disability Discrimination Act on historic buildings
260 ## - PUBLICATION, DISTRIBUTION, ETC.
Date of publication, distribution, etc. 2006
490 #0 - SERIES STATEMENT
Series statement Journal of Building Appraisal
Volume/sequential designation 2(1), 52-61(10)
520 ## - SUMMARY, ETC.
Summary, etc. Looks at the challenges posed in providing access for people with disabilities to historic buildings. Building professionals must find good workable designs for level access for the 5% of disabled people who use a wheelchair, and provide appropriate solutions for the remaining 95% of people with a disability, whilst ensuring that high-quality, detailed access designs are sensitive to the needs of the building itself. Contains case study of a Grade I listed house now converted into a museum.
590 ## - LOCAL NOTE (RLIN)
Local note IKA040706 NTK
650 24 - SUBJECT ADDED ENTRY--TOPICAL TERM
Topical term or geographic name entry element DISABILITY DISCRIMINATION ACT 1995
651 #4 - SUBJECT ADDED ENTRY--GEOGRAPHIC NAME
Geographic name United Kingdom
Chronological subdivision
690 ## - LOCAL SUBJECT ADDED ENTRY--TOPICAL TERM (OCLC, RLIN)
Topical term or geographic name as entry element MANAGEMENT-BUSINESS MANAGEMENT-DISCRIMINATION-DISABILITY DISCRIMINATION-ACCESSIBILITY
942 ## - ADDED ENTRY ELEMENTS (KOHA)
Suppress in OPAC 0
Holdings
Withdrawn status Lost status Source of classification or shelving scheme Damaged status Not for loan Home library Current library Shelving location Date acquired Total Checkouts Full call number Barcode Date last seen Copy number Price effective from Koha item type
    Dewey Decimal Classification     London London Journal article 20/06/2006   L133923 133923-1001 06/08/2019 1 06/08/2019 Journal article